00434nam a2200109Ia 450000500170000000800410001710000370005824501520009526000390024730000110028665000270029720260328101506.0260328s9999||||xx |||||||||||||| ||und|| aSanín Santamaría, Juan Diego 0aHogar en Tránsito :b Entre las tácticas de la malicia indígena y las estrategias de la inclusión Social /cJuan Diego Sanín Santamaría bUniversidad Pontificia Bolivariana a235 p. aVIVIENDA DE EMERGENCIA